000 00308nam a22001217a 4500
008 230522b |||||||| |||| 00| 0 eng d
020 _a9789132116066
082 _a371.4
100 _aJeffrey A. Kottler and Ellen Kottler
245 _aCounseling skills for teachers
300 _a139 p.
_c24 cm
942 _2ddc
999 _c9594
_d9595